Blue Bay mystery / (Record no. 1414)

MARC details
000 -LEADER
fixed length control field 01042cam a22003011 4500
005 - DATE AND TIME OF LATEST TRANSACTION
control field 20231124145600.0
020 ## - INTERNATIONAL STANDARD BOOK NUMBER
International Standard Book Number 9780807507940
040 ## - CATALOGING SOURCE
Original cataloging agency DLC
Transcribing agency DLC
Modifying agency DLC
-- OCoLC
-- DLC
Language of cataloging eng
050 00 - LIBRARY OF CONGRESS CALL NUMBER
Classification number PZ7.W244
Item number Bl
082 ## - DEWEY DECIMAL CLASSIFICATION NUMBER
Classification number 813
100 1# - MAIN ENTRY--PERSONAL NAME
Personal name Warner, Gertrude Chandler
Dates associated with a name 1890-1979
245 10 - TITLE STATEMENT
Title Blue Bay mystery /
Statement of responsibility, etc. by Gertrude Chandler Warner Illustrated by Dirk Gringhuis
260 ## - PUBLICATION, DISTRIBUTION, ETC.
Place of publication, distribution, etc. Niles :
Name of publisher, distributor, etc. Albert Whitman and Company,
Date of publication, distribution, etc. 1961
300 ## - PHYSICAL DESCRIPTION
Extent 157 pages :
Other physical details illustrations ;
Dimensions 20 cm
490 ## - SERIES STATEMENT
Series statement The boxcar children
Volume/sequential designation Book 6
505 ## - FORMATTED CONTENTS NOTE
Formatted contents note N <br/>
520 ## - SUMMARY, ETC.
Summary, etc. The Aldens find a castaway on a South Sea island. How did he get there and who is he?
521 ## - TARGET AUDIENCE NOTE
Target audience note 540 <br/>
Source Lexile <br/>
521 ## - TARGET AUDIENCE NOTE
Target audience note N <br/>
Source Raz-Plus <br/>
650 #0 - SUBJECT ADDED ENTRY--TOPICAL TERM
Topical term or geographic name entry element Boxcar children
Form subdivision Juvenile fiction.
650 #0 - SUBJECT ADDED ENTRY--TOPICAL TERM
Topical term or geographic name entry element Orphans
Form subdivision Juvenile fiction.
650 #0 - SUBJECT ADDED ENTRY--TOPICAL TERM
Topical term or geographic name entry element Families
Form subdivision Juvenile fiction.
655 #7 - INDEX TERM--GENRE/FORM
Genre/form data or focus term Detective and mystery stories.
Source of term gsafd
700 ## - ADDED ENTRY--PERSONAL NAME
Personal name Gringhuis, Dirk
Relator term illustrator
906 ## - LOCAL DATA ELEMENT F, LDF (RLIN)
a 7
b cbc
c orignew
d u
e ocip
f 19
g y-gencatlg
942 ## - ADDED ENTRY ELEMENTS (KOHA)
Source of classification or shelving scheme Dewey Decimal Classification
Koha item type Books
Suppress in OPAC No
999 ## -
-- 1414
-- 1414
Holdings
Withdrawn status Lost status Source of classification or shelving scheme Damaged status Not for loan Collection Home library Current library Shelving location Date acquired Total Checkouts Full call number Barcode Date last seen Date last checked out Price effective from Koha item type
    Dewey Decimal Classification     Juvenile Fiction Footprints International School Library Network Toul Kork Campus Footprints International School Library Network Toul Kork Campus   08/24/2023 1 WAR 813 PZ7.W244 FIS00386 01/30/2024 01/16/2024 08/24/2023 Books